000 00468nam a2200181Ia 4500
001 8494
005 20260306160613.0
008 260306t2013||||xx |||||||||||||| ||spa||
041 _aESP
082 _a371.1
_bM27K
100 _aLora Risco, Josefa
_eAUT
245 0 _aPsicomotricidad educativa:
_bmetodologĂ­a para la libertad y la creatividad
260 _c2013
300 _a288 páginas :
_c22 cm.
650 _aGEN
654 _aCED
942 _cLIB
_dJUS
_fJUS
_2ddc
_n
999 _c8494
_d8494